00548nam a2200169 a 450000100100000000500170001000800410002702000180006804000250008608200200011110000390013124500670017026000370023730000280027450000480030250400280035000004704820240321112818.0180412s2016 dr a 000 0 spa d a9789945123746 aDO-SdBNPbspacBNPHU axxxxbL937m, 4a1 aLuciano López, Margarita,d1950-10aMatemática 4 :bnivel primaria /cMargarita Luciano López. aSanto Domingo :bSusaeta,c2016. a232 p. :bil. ;c27 cm. aEnfoque por competencias. Nuevo currículo aBibliografía : p. 232